The History and Analysis of the Common Law of England (Record no. 1312015)

MARC details
000 -LEADER
fixed length control field 00469nam a2200157Ia 4500
005 - DATE AND TIME OF LATEST TRANSACTION
control field 20250612164623.0
008 - FIXED-LENGTH DATA ELEMENTS--GENERAL INFORMATION
fixed length control field 008 250505s9999 xx 000 0 eng d
020 ## - INTERNATIONAL STANDARD BOOK NUMBER
International Standard Book Number 9789393850676
040 ## - CATALOGING SOURCE
Language of cataloging eng
Transcribing agency ILCL
041 ## - LANGUAGE CODE
Language code of text/sound track or separate title eng
Source of code eng
100 ## - MAIN ENTRY--PERSONAL NAME
Personal name Hale, Sir Matthew
245 #4 - TITLE STATEMENT
Title The History and Analysis of the Common Law of England
260 ## - PUBLICATION, DISTRIBUTION, ETC.
Place of publication, distribution, etc. Delhi
Name of publisher, distributor, etc. Law and Justice Publishing Company
Date of publication, distribution, etc. 2023
300 ## - PHYSICAL DESCRIPTION
Extent ix,453p.
942 ## - ADDED ENTRY ELEMENTS (KOHA)
Koha item type Textbook
Source of classification or shelving scheme
100 ## - MAIN ENTRY--PERSONAL NAME
-- 754495
999 ## -
-- 1312015
-- 1312015
Holdings
Withdrawn status Lost status Damaged status Not for loan Home library Current library Date acquired Source of acquisition Cost, normal purchase price Inventory number Total checkouts Barcode Date last seen Price effective from Koha item type
        Integrated Law Course library Integrated Law Course library 7-03-24 Apple Books 795.00 006 dt. 03-07-2024   IL1863175 2025-05-06 2025-05-06 Textbook
        Integrated Law Course library Integrated Law Course library   Singhal Publications 795.00 2526 dt. 26-06-2024   IL1863404 2025-05-06 2025-05-06 Textbook
Copyright @ Delhi University Library System